Beowulf by All : Community Translation and Workbook.

Beowulf by Allis a community translation of the earliest English epic poem, produced for the first time in workbook form to encourage readers to create their own personal translations.

Bibliographic Details
Main Author: Abbott, Jean.
Other Authors: Treharne, Elaine., Fafinski, Mateusz.
Format: eBook
Language:English
Published: Amsterdam : Arc Humanities Press, 2021.
Edition:1st ed.
Series:Foundations Series
Subjects:
Online Access:Click to View
LEADER 01686nam a22003973i 4500
001 EBC30406524
003 MiAaPQ
005 20231204023230.0
006 m o d |
007 cr cnu||||||||
008 231204s2021 xx o ||||0 eng d
020 |a 9781641894746  |q (electronic bk.) 
035 |a (MiAaPQ)EBC30406524 
035 |a (Au-PeEL)EBL30406524 
035 |a (OCoLC)1373343820 
040 |a MiAaPQ  |b eng  |e rda  |e pn  |c MiAaPQ  |d MiAaPQ 
100 1 |a Abbott, Jean. 
245 1 0 |a Beowulf by All :  |b Community Translation and Workbook. 
250 |a 1st ed. 
264 1 |a Amsterdam :  |b Arc Humanities Press,  |c 2021. 
264 4 |c Ã2021. 
300 |a 1 online resource (208 pages) 
336 |a text  |b txt  |2 rdacontent 
337 |a computer  |b c  |2 rdamedia 
338 |a online resource  |b cr  |2 rdacarrier 
490 1 |a Foundations Series 
520 |a Beowulf by Allis a community translation of the earliest English epic poem, produced for the first time in workbook form to encourage readers to create their own personal translations. 
588 |a Description based on publisher supplied metadata and other sources. 
590 |a Electronic reproduction. Ann Arbor, Michigan : ProQuest Ebook Central, 2023. Available via World Wide Web. Access may be limited to ProQuest Ebook Central affiliated libraries.  
655 4 |a Electronic books. 
700 1 |a Treharne, Elaine. 
700 1 |a Fafinski, Mateusz. 
776 0 8 |i Print version:  |a Abbott, Jean  |t Beowulf by All  |d Amsterdam : Arc Humanities Press,c2021 
797 2 |a ProQuest (Firm) 
830 0 |a Foundations Series 
856 4 0 |u https://ebookcentral.proquest.com/lib/matrademy/detail.action?docID=30406524  |z Click to View